000 00909cam a2200277 a 4500
999 _c3047
_d3047
001 2350875
003 GBCCL
005 20241126110446.0
008 830808s1983 txu b 000 0 eng
010 _a 83017021
020 _a0849903521 :
_c$10.95
040 _aDLC
_cDLC
_dDLC
050 0 0 _aBV4597.53.S44
_bS95 1983
082 0 0 _a248.4
_219
_bSWI
100 1 _aSwindoll, Charles R.
_91487
245 0 0 _aDropping your guard :
_bthe value of open relationships /
_cCharles R. Swindoll.
260 _aWaco, Tex. :
_bWord Books,
_cc1983.
300 _a213 p. ;
_c22 cm.
504 _aIncludes bibliographical references.
650 0 _aSelf-disclosure
_xReligious aspects
_xChristianity.
_96321
650 0 _aInterpersonal relations
_xReligious aspects
_xChristianity.
_9400
906 _a7
_bcbc
_corignew
_d1
_eocip
_f19
_gy-gencatlg
942 _2ddc
_cBK
_01